000 00656nam a2200205 i 4500
001 100335
003 ES-MaACL
005 20230906182643.0
007 t|
008 050926s1967 sp a |||| | spa d
080 _a616.24
100 1 _aMarx, H. H.
_978583
245 1 0 _aEnfisema pulmonar y bronquitis /
_cpor H.H. Marx ; con un prólogo de H.E. Bock ; traducción Juan Díaz Vázquez.
260 _aBarcelona :
_bCientífico-Médica,
_c1967.
300 _aXII, 270 p. :
_bil. ;
_c25 cm.
650 4 _aPulmones-
_xEnfermedades.
_9136791
700 1 _aBock, Hans Erhard.
_929676
700 1 _aDíaz Vázquez, J.
_944450
852 _aES-MaACL
_jC-32248
999 _c100335
_d100335